Chefs-Lieux des Départements et des Collectivités d'Outre-Mer Français - Statistiques

Statistiques générales
  • Ce quiz a été pris 85 fois
  • Le résultat moyen est 75 sur 109
Statistiques - réponses
Département / COM Chef-Lieu % Correct
06 Alpes-Maritimes Nice
90%
33 Gironde Bordeaux
87%
38 Isère Grenoble
87%
13 Bouches-du-Rhône Marseille
87%
2A Corse-du-Sud Ajaccio
85%
2B Haute-Corse Bastia
85%
14 Calvados Caen
85%
59 Nord Lille
85%
69 Rhône Lyon
85%
75 Paris Paris
85%
29 Finistère Quimper
85%
67 Bas-Rhin Strasbourg
85%
90 Territoire de Belfort Belfort
82%
21 Côte-d'Or Dijon
82%
17 Charente-Maritime La Rochelle
82%
22 Côtes d'Armor Saint-Brieuc
82%
974 La Réunion Saint-Denis
82%
31 Haute-Garonne Toulouse
82%
74 Haute-Savoie Annecy
79%
63 Puy-de-Dôme Clermont-Ferrand
79%
34 Hérault Montpellier
79%
35 Ille-et-Vilaine Rennes
79%
80 Somme Amiens
77%
01 Ain Bourg-en-Bresse
77%
73 Savoie Chambéry
77%
68 Haut-Rhin Colmar
77%
05 Hautes-Alpes Gap
77%
03 Allier Moulins
77%
44 Loire-Atlantique Nantes
77%
30 Gard Nîmes
77%
64 Pyrénées-Atlantiques Pau
77%
76 Seine-Maritime Rouen
77%
37 Indre-et-Loire Tours
77%
19 Corrèze Tulle
77%
25 Doubs Besançon
74%
27 Eure Évreux
74%
85 Vendée La Roche-sur-Yon
74%
66 Pyrénées-Orientales Perpignan
74%
42 Loire Saint-Étienne
74%
50 Manche Saint-Lô
74%
83 Var Toulon
74%
26 Drôme Valence
74%
78 Yvelines Versailles
74%
61 Orne Alençon
72%
49 Maine-et-Loire Angers
72%
62 Pas-de-Calais Arras
72%
32 Gers Auch
72%
84 Vaucluse Avignon
72%
60 Oise Beauvais
72%
93 Seine-Saint-Denis Bobigny
72%
973 Guyane Cayenne
72%
53 Mayenne Laval
72%
72 Sarthe Le Mans
72%
976 Mayotte Mamoudzou
72%
40 Landes Mont-de-Marsan
72%
54 Meurthe-et-Moselle Nancy
72%
92 Hauts-de-Seine Nanterre
72%
24 Dordogne Périgueux
72%
07 Ardèche Privas
72%
12 Aveyron Rodez
72%
10 Aube Troyes
72%
56 Morbihan Vannes
72%
47 Lot-et-Garonne Agen
69%
15 Cantal Aurillac
69%
971 Guadeloupe Basse-Terre
69%
18 Cher Bourges
69%
95 Val d'Oise Cergy-Pontoise
69%
08 Ardennes Charleville-Mézières
69%
36 Indre Châteauroux
69%
04 Alpes-de-Haute-Provence Digne-les-Bains
69%
972 Martinique Fort-de-France
69%
57 Moselle Metz
69%
58 Nièvre Nevers
69%
16 Charente Angoulême
67%
89 Yonne Auxerre
67%
41 Loir-et-Cher Blois
67%
09 Ariège Foix
67%
988 Nouvelle-Calédonie Nouméa
67%
45 Loiret Orléans
67%
65 Hautes-Pyrénées Tarbes
67%
81 Tarn Albi
64%
28 Eure-et-Loir Chartres
64%
91 Essonne Évry-Courcouronnes
64%
87 Haute-Vienne Limoges
64%
77 Seine-et-Marne Melun
64%
79 Deux-Sèvres Niort
64%
86 Vienne Poitiers
64%
46 Lot Cahors
62%
11 Aude Carcassonne
62%
51 Marne Châlons-en-Champagne
62%
94 Val-de-Marne Créteil
62%
88 Vosges Épinal
62%
02 Aisne Laon
62%
71 Saône-et-Loire Mâcon
62%
23 Creuse Guéret
59%
43 Haute-Loire Le Puy-en-Velay
59%
48 Lozère Mende
59%
39 Jura Lons-le-Saunier
56%
70 Haute-Saône Vesoul
56%
82 Tarn-et-Garonne Montauban
54%
987 Polynésie française Papeete
54%
52 Haute-Marne Chaumont
51%
55 Meuse Bar-le-Duc
44%
975 Saint-Pierre-et-Miquelon Saint-Pierre
36%
984 TAAF Saint-Pierre (La Réunion)
21%
977 Saint-Barthélémy Gustavia
8%
978 Saint-Martin Marigot
5%
986 Wallis-et-Futuna Mata Utu
5%
989 La Passion-Clipperton Camp Bougainville
3%
Aucun quiz correspondant
Distribution des résultats
% des personnes avec chaque résultat
Percentile par nombre de réponses
Votre historique - résultats
Vous n’avez pas pris ce quiz